000 00372 a2200145 4500
999 _c3722
_d3722
020 _a1779051388
050 _aML 3503 ZIN 2014
100 _aZindi, Fred
245 _aMusic rocking Zimbabwe /
_cFred Zindi
264 _aHarare :
_bZindisc Publications,
_c2014
300 _a170p. :
_bill.
500 _aIncludes index
650 _aMusic
942 _2lcc
_cBK
_h3503
_iZIN
_kML